| 000 | 00983nam a2200181 i 4500 | ||
|---|---|---|---|
| 001 | 68990 | ||
| 003 | ES-MaACL | ||
| 005 | 20230906170416.0 | ||
| 007 | t| | ||
| 008 | 040824s1982 sp ||||1| spa d | ||
| 110 | 2 |
_aInstituto Nacional de Estadística (España). _bBiblioteca. _9166157 |
|
| 245 | 1 | 0 |
_aCatálogo de la biblioteca _b: I. Obras científicas / _cInstituto Nacional de Estadística. |
| 260 |
_aMadrid : _b[s.n.], _c1982 ( _fImp. F.T.) |
||
| 300 |
_a4 v. ; _c21 cm. |
||
| 505 | 8 | _aContiene: I. Suplemento al catálogo de 1977...incluye las obras recibidas entre el 1 de enero de 1978 y el 31 de diciembre de 1979 -- II. Títulos. Referidos al 31 de diciembre de 1977 -- III. Suplemento al catálogo de 1977... Obras recibidas entre el 1 de enero de 1978 y el 31 de diciembre de 1979 -- IV. Materias. Referido al 31 de diciembre de 1979 | |
| 610 | 2 | 4 |
_aInstituto Nacional de Estadística (España). _bBiblioteca- _vCatálogos. _9166158 |
| 852 |
_aES-MaACL _jP-448 _bR.105049 |
||
| 999 |
_c68990 _d68990 |
||